[Event "2nd Silman TNM: 1600-1999"]
[Site "San Francisco"]
[Date "2025.06.17"]
[Round "7.18"]
[White "Chan, John"]
[Black "Pickering, Carl Anthony"]
[Result "1-0"]
[Annotator "Winslow,Elliott"]
[WhiteElo "1601"]
[BlackElo "1621"]
[WhiteFideId "-1"]
[WhiteFideId "-1"]
[PlyCount "31"]
[GameId "2190369999735944"]
[EventDate "2025.??.??"]

1. c4 e5 2. Nc3 Nc6 3. a3 a5 4. e3 f5 5. Nh3 Nf6 6. d4 e4 7. Be2 Be7 8. Nf4 O-O 9. h4 Bd6 10. Nh3 b6 11. Qb3 Kh8 12. Bd2 Qe7 13. g3 Nd8 14. Nf4 Ne6 15. h5 Rg8 $2 {[#]} 16. Ng6+ 1-0

[Event "2nd Silman TNM: 1600-1999"]
[Site "San Francisco"]
[Date "2025.06.17"]
[Round "7.19"]
[White "Touset, Stephen"]
[Black "Smith, Robert H"]
[Result "1-0"]
[WhiteElo "1545"]
[BlackElo "1725"]
[WhiteFideId "-1"]
[WhiteFideId "-1"]
[PlyCount "55"]
[GameId "2190369999735945"]
[EventDate "2025.??.??"]

1. d4 d5 2. Bf4 c6 3. e3 e6 4. Nf3 f5 5. c4 Nf6 6. h3 Bd6 7. Nc3 O-O 8. c5 Bxf4 9. exf4 Ne4 10. Bd3 Bd7 11. O-O Be8 12. Qc1 Nd7 13. Qe3 Qe7 14. Rfe1 Rd8 15. h4 b6 16. Na4 bxc5 17. Rac1 c4 18. Bc2 Rb8 19. b3 Nb6 20. Nxb6 axb6 21. bxc4 c5 22. cxd5 exd5 23. Bxe4 dxe4 24. dxc5 bxc5 25. Rxc5 Qf6 26. Nd4 Qxh4 27. Rxf5 Rb2 28. Rxf8+ 1-0

[Event "2nd Silman TNM: 1600-1999"]
[Site "San Francisco"]
[Date "2025.06.17"]
[Round "7.21"]
[White "Siegel, David"]
[Black "Schaezlein, Charlie"]
[Result "1-0"]
[Annotator "Siegel,David"]
[WhiteElo "1462"]
[BlackElo "1506"]
[WhiteFideId "-1"]
[WhiteFideId "-1"]
[PlyCount "97"]
[GameId "2190356566032618"]
[EventDate "2025.??.??"]

1. c4 Nf6 2. d4 e6 3. Nc3 c5 4. Nf3 cxd4 5. Nxd4 Nc6 6. Bg5 Be7 7. e3 O-O 8. Be2 Qa5 9. Bh4 d5 10. O-O dxc4 11. Nxc6 bxc6 12. Bxc4 Rd8 13. Qc2 Qh5 14. Bg3 Bb7 15. Be2 Qc5 16. Rac1 Rd7 17. Rfd1 Rad8 18. Rxd7 Rxd7 19. Bf3 Nh5 {[#] (I think I found a nice move here. The Black queen is currently protecting the h5 knight, but the queen is starting to run out of squares. Therefore I saw that the next few moves were somewhat forcing, and would lead to liquidation and the likely capture of the c6 pawn. So I decided to go for it.)} 20. b4 Qg5 21. Ne4 Qg6 22. Nc5 {The computer thinks 22. Qa4 would have been better, but it was harder for me to calculate.} (22. Qa4 $18) 22... Qxc2 23. Rxc2 Bxc5 24. Rxc5 Nxg3 25. hxg3 $16 Rc7 26. b5 Kf8 27. bxc6 Ba8 28. Rb5 Ke7 29. Rb8 Bxc6 30. Bxc6 Rxc6 31. Rb7+ Kf6 32. Rxa7 h5 {(The computer found some tactics that I missed, and I understand that the current position is probably a draw with best play, but I don't mind being up a passed pawn.)} 33. Kf1 Rc1+ 34. Ke2 Rc2+ 35. Kf3 Rc4 36. Rb7 g5 37. Rb2 Kf5 38. a3 e5 39. Ra2 Ra4 40. Ke2 Ke4 41. Kd2 Kd5 42. Kc3 Kc5 43. Kb3 Rc4 {(Things were difficult for White as long as the rooks stayed on the board, but Black cannot defend both sides of the board with just a king.)} 44. Rc2 Rxc2 45. Kxc2 Kc4 46. f4 e4 47. fxg5 Kb5 48. Kc3 Ka4 49. Kd4 1-0

[Event "2nd Silman TNM: 1600-1999"]
[Site "San Francisco"]
[Date "2025.06.17"]
[Round "7.22"]
[White "Abraham, Michael David"]
[Black "Stults, Sawyer"]
[Result "0-1"]
[WhiteElo "1564"]
[BlackElo "1471"]
[WhiteFideId "-1"]
[WhiteFideId "-1"]
[PlyCount "62"]
[GameId "2190369999735948"]
[EventDate "2025.??.??"]

1. d4 d5 2. c4 e6 3. Nf3 Nc6 4. Nc3 dxc4 5. e4 Nf6 6. Bxc4 Bb4 7. Bg5 h6 8. Bxf6 Qxf6 9. Rc1 O-O 10. e5 Qe7 11. h4 Rd8 12. O-O Nxd4 13. Nxd4 Bc5 14. Nce2 Bxd4 15. Nxd4 c5 16. Nc6 bxc6 17. Qg4 Rd4 18. f4 Bd7 19. h5 Rf8 20. Rc3 Be8 21. b3 Kh8 22. Qe2 Qd8 23. Bd3 f6 24. exf6 Rxf6 25. Bb1 Rfxf4 26. Qc2 Rxf1+ 27. Kxf1 Rd1+ 28. Ke2 Bxh5+ 29. Rf3 Bxf3+ 30. gxf3 Rxb1 31. Qxb1 Qd4 0-1

[Event "2nd Silman TNM: 1600-1999"]
[Site "San Francisco"]
[Date "2025.06.17"]
[Round "7.23"]
[White "Casares, Nick"]
[Black "Agdamag, Samuel"]
[Result "0-1"]
[WhiteElo "1600"]
[BlackElo "1512"]
[WhiteFideId "-1"]
[WhiteFideId "-1"]
[PlyCount "66"]
[GameId "2190369999735949"]
[EventDate "2025.??.??"]

1. e4 c5 2. Nf3 e6 3. c4 Nc6 4. Nc3 a6 5. e5 Qc7 6. Be2 Nxe5 7. Nxe5 Qxe5 8. d3 Nf6 9. O-O Be7 10. Re1 Qc7 11. Bf3 O-O 12. Bg5 Re8 13. Qd2 Qd8 14. Rad1 Rb8 15. Bf4 d6 16. Bg3 Bd7 17. Ne4 Nxe4 18. dxe4 Ba4 19. b3 Bc6 20. Bxd6 Bxd6 21. Qxd6 Qxd6 22. Rxd6 Kf8 23. e5 Bxf3 24. gxf3 Rbd8 25. Red1 Ke7 26. f4 Rxd6 27. exd6+ Kd7 28. Kg2 Rc8 29. Kf3 Rc6 30. Rg1 g6 31. Ke4 Rxd6 32. Ke5 Ke7 33. h4 Rd4 0-1

[Event "2nd Silman TNM: u1600"]
[Site "San Francisco"]
[Date "2025.06.17"]
[Round "7.6"]
[White "Booth, Kyle Ewart Coventry"]
[Black "Sloan, Sacha Marino"]
[Result "0-1"]
[Annotator "Booth,Kyle/TA"]
[WhiteElo "1246"]
[BlackElo "1056"]
[WhiteFideId "-1"]
[WhiteFideId "-1"]
[PlyCount "72"]
[GameId "2190343265390643"]
[EventDate "2025.??.??"]

{[%evp 9,72,-10,-7,-8,12,-3,0,-5,2,-18,10,11,3,-22,132,138,206,135,137,22,28,14,18,0,39,-7,16,0,0,-21,11,-34,-29,-276,-123,-101,-92,-95,-72,-349,-118,-121,-110,-378,-363,-504,-481,-500,-490,-552,-554,-541,-541,-655,-593,-637,-627,-596,-606,-712,-595,-29989,-29990,-29990,-29991]} 1. e4 {[%emt 0:00:05]} c5 {[%emt 0:00:18]} 2. a3 {[%emt 0:00:06]} Nc6 {[%emt 0:00:44]} 3. b4 {[%emt 0:00:07]} cxb4 {[%emt 0:00:58]} 4. axb4 {[%emt 0:00:08]} Nxb4 {[%emt 0:02:01]} 5. c3 {[%emt 0:00:09]} Nc6 {[%emt 0:00:17]} 6. d4 {[%emt 0:00:06]} e6 {[%emt 0:00:41]} 7. Na3 {[%emt 0:05:52][%mdl 1024] White has compensation.} Nf6 {[%emt 0:03:24]} 8. Bd3 {[%emt 0:09:07] The position is equal.} d6 {[%emt 0:01:39]} 9. Nf3 {[%emt 0:04:21]} a6 {[%emt 0:01:12]} 10. O-O $146 {[%emt 0:03:00]} ({Predecessor:} 10. Bg5 Be7 11. O-O O-O 12. Re1 Bd7 13. Rb1 b5 14. Qe2 Rb8 15. e5 Nd5 16. Bxe7 Qxe7 17. Qe4 {0-1 (28) Bautista,E (1524)-Bellisario,C (1473) ICCF email 2020}) 10... Be7 {[%emt 0:01:33]} 11. h3 {[%emt 0:05:17]} b5 $2 {[%emt 0:01:06]} ({Better is} 11... O-O $11) 12. Nxb5 $1 $16 {[%emt 0:01:41]} Rb8 {[%emt 0:04:12]} (12... O-O $16) 13. Na3 {[%emt 0:02:33]} O-O {[%emt 0:01:26]} 14. e5 {[%emt 0:03:31]} (14. Bf4 $16) 14... dxe5 $11 {[%emt 0:00:18]} 15. dxe5 {[%emt 0:02:40]} Nd5 {[%emt 0:05:37][%cal Od8c7]} 16. Nb1 {[%emt 0:05:55][%cal Od1c2]} a5 {[%emt 0:01:20]} (16... Qc7 $11) 17. Ba3 {[%emt 0:05:06]} (17. Qe2 $14 {was preferable.}) 17... Re8 {[%emt 0:04:06][%cal Bf8e8,Be8e7,Be7b7,Bb7b4][%mdl 32]} 18. Bxe7 {[%emt 0:00:51]} (18. Qd2 {keeps more tension.} Qb6 19. Bd6 Bxd6 20. exd6 Nf6 21. Rd1) 18... Rxe7 {[%emt 0:00:18] [#] (I wasted far too much time here trying to make some sort of Greek gift sac work)} 19. Re1 $15 {[%emt 0:12:56][%cal Od3h7]} ({EW: Stockfish 17.1 makes best as} 19. Qa4 Bb7 20. Qe4 g6 {[%cal Oc6b4]} 21. Qh4 Kg7 22. c4 Nb6 23. Qf6+ Kg8 $11 {(0.00)}) ({EW: While the details after the classic bishop sacrifice are no better nor worse:} 19. Bxh7+ Kxh7 20. Ng5+ $1 Kg8 (20... Kg6 $2 {[%mdl 8192] 20...Kg8 -0.06} 21. Qd3+ f5 $1 {[%cal Oc6e5]} 22. exf6+ $2 ({White should play} 22. Qg3 $19 f4 23. Qh4 Nxe5 24. Nd2) 22... Kxf6 $11 23. Ra4 $1 {[%cal Ob1d2] Black must now prevent Nd2!.} e5 $1 24. Ne4+ Kf7 $1 {And now ...Kg8 would win.} 25. Ng5+ Kf6 $1 $11) 21. Qh5 {Repels Ba6. Qh7+ would kill now.} Reb7 22. Re1 Nxe5 (22... Nf4 $5 23. Qh7+ $8 Kf8 24. Qh8+ {[%mdl 64] Deflection} Ke7 25. Qxg7 Nxe5 26. Rxe5 Rxb1+ 27. Re1 Ne2+ 28. Kh1 Rxa1 29. Rxa1 Qd5 30. Nxf7 Rb3 $17) 23. Qh7+ Kf8 24. Rxe5 Qf6 25. Nf3 {[%cal Ob1d2]} a4 $11 {(0.00)}) 19... Reb7 $6 {[%emt 0:04:32]} (19... Rd7 $15) 20. Ra4 {[%emt 0:09:56]} (20. Qa4) (20. Qa4 $11 Rc7 21. Qe4) 20... Bd7 {[%emt 0:02:50] [#]} (20... Rb2) (20... Rd7 $5) 21. Nh2 $4 {[%emt 0:06:22] [#] (Just a horrible move; I should have swung the rook over which was entire point of Ra4)} (21. Ra3 $11 {and White stays safe.}) 21... Ncb4 $1 $17 {[%emt 0:01:28][%mdl 512]} 22. cxb4 {[%emt 0:03:21]} Bxa4 {[%emt 0:00:12]} 23. Qxa4 {[%emt 0:00:47]} Rxb4 {[%emt 0:00:06] [#]} (23... Nxb4 $142) 24. Qd1 {[%emt 0:01:44]} (24. Qa1) (24. Qa1 $17 {is the only way for White.}) 24... a4 $6 {[%emt 0:02:45]} (24... Nf4 $1 $19) (24... Nf4 $19 {and Black stays clearly on top.} 25. Bc2 Rb2 (25... Qxd1 26. Rxd1 Rc4 27. Na3 $17)) 25. Nf3 $6 {[%emt 0:02:46]} (25. Be4 $17) 25... Qa5 $6 {[%emt 0:01:25]} (25... Nf4 $19) 26. Bxh7+ $2 {[%emt 0:01:15] (Very low on time; position is hard to play so I went for tricks but they don't work.)} Kxh7 $19 {[%emt 0:00:41]} 27. Qd3+ $6 {[%emt 0:01:52]} (27. Ng5+ Kg6 $19 (27... Kg8 $1)) 27... Kg8 {[%emt 0:00:37]} (27... g6 $1) 28. Ng5 {[%emt 0:00:32]} g6 {[%emt 0:00:31]} 29. Qf3 {[%emt 0:04:27]} Rf4 {[%emt 0:02:19]} (29... Rxb1 30. Qxf7+ Kh8 31. Qh7#) 30. Qd1 {[%emt 0:00:51]} a3 {[%emt 0:01:48]} 31. Nd2 {[%emt 0:02:22]} Rd4 {[%emt 0:00:34]} 32. Qf3 {[%emt 0:00:30]} Rf4 {[%emt 0:02:15][%cal Oa5d2]} ({Not} 32... Qxd2 33. Qxf7+ Kh8 34. Qh7#) 33. Qd3 {[%emt 0:00:39]} Qc3 {[%emt 0:01:20] Repels Ra1} 34. Qe2 {[%emt 0:02:22]} a2 {[%emt 0:00:35]} 35. Nde4 {[%emt 0:00:19] [#]} Qxe1+ {[%emt 0:01:22][%mdl 576] Promotion} 36. Qxe1 {[%emt 0:00:12]} Rb1 {[%mdl 64] Pin. What a bad dream for White. A cool game by Sloan.   Weighted Error Value: White=0.91/Black=0.37} 0-1

[Event "2nd Silman TNM: u1600"]
[Site "San Francisco"]
[Date "2025.06.17"]
[Round "7.24"]
[White "Merk, Felix Elias"]
[Black "Quinn, Dahlia"]
[Result "1-0"]
[Annotator "TA"]
[WhiteElo "1267"]
[BlackElo "1329"]
[WhiteFideId "-1"]
[WhiteFideId "-1"]
[PlyCount "95"]
[GameId "2190348522819691"]
[EventDate "2025.??.??"]

{[%evp 14,95,34,39,250,249,392,284,466,458,508,500,520,523,544,547,665,652,768,627,627,620,712,705,779,661,660,657,643,568,585,566,566,559,591,530,512,466,589,400,374,344,323,327,375,140,322,323,303,313,537,364,583,563,675,591,760,759,743,742,1612,1101,913,839,817,790,29979,29980,29980,29981,29981,29982,29982,29984,29983,29984,29984,29985,29986,29987,29987,29988,29988,29988]} 1. d4 d5 {[%cal Bd7d5,Bd5c4][%mdl 32]} 2. c4 dxc4 3. e4 e5 4. Nf3 Bb4+ 5. Bd2 Bxd2+ 6. Nbxd2 exd4 7. Bxc4 Nc6 8. O-O {[%mdl 1024] White has compensation.} Bg4 $2 {D20: Queen's Gambit Accepted: 3 e3 and 3 e4.} (8... Nge7 $14) 9. Qb3 $18 {[%csl LRb7,LRf7]} Qd7 (9... Bh5 $142 10. Qxb7 Nge7) 10. Bd5 $146 (10. Qxb7 Rb8 11. Qa6 Nge7 $16) (10. Bxf7+ Ke7 11. Bd5 Rb8 12. Bxc6 Qxc6 13. Rac1 Qd6 14. e5 Qd7 15. Qa3+ Kf7 16. e6+ {1-0 (16) Krensing,J (2253)-Schumacher,K (1915) Verden 2006}) 10... Rb8 (10... Nd8 11. Ne5 {[%mdl 64] Deflection} (11. Nxd4 Nf6 $16) (11. Bxb7 Rb8 $11) 11... Qe7) 11. Rac1 Nge7 12. Bxf7+ Kd8 13. h3 Bxf3 14. Nxf3 h6 15. Rfd1 b5 16. Rd3 Rb6 17. Rcd1 Na5 18. Rxd4 {[%mdl 64] Pin} Rd6 19. Rxd6 cxd6 20. Qc3 {[%csl LRa5,LRg7]} Nec6 21. Bh5 b4 22. Qd3 Kc7 {[#]} 23. e5 $1 {[%mdl 512]} Rd8 (23... Nb7 24. Rc1) 24. Bg4 Qe7 {Black is weak on the light squares} 25. e6 Nb7 26. Re1 Nc5 27. Qg6 Rf8 28. Qc2 Rf6 29. Qe2 $2 (29. Nh4 $18 {is more deadly.}) 29... g6 $2 {[#]} (29... h5 $16 30. Bxh5 Rxe6) 30. h4 $1 Rf4 31. Bh3 Nd8 $2 (31... a6 {keeps fighting.} 32. Qe3 Re4 33. Qxh6 Rxe1+ 34. Nxe1 Nxe6) 32. Qe3 Rf6 (32... Re4) 33. Qxh6 Ncxe6 34. Ng5 Kd7 {[%cal Bc7d7,Bd7e8,Be8f7,Bf7e6,Be6d5,Bd5e4,Be4d4,Bd4c3][%mdl 32]} 35. Nxe6 Nxe6 36. Qe3 Qf7 37. Qxa7+ Ke8 38. Qxf7+ Kxf7 39. Bxe6+ Rxe6 40. Rxe6 {White mates.} Kxe6 {KP-KP. White is two pawns up.} 41. Kf1 Kd5 42. Ke2 Ke4 43. a4 bxa3 44. bxa3 Kd4 45. g4 {[%cal Bg2g4,Bg4h5][%mdl 32]} Kc3 46. h5 gxh5 47. gxh5 d5 48. Kd1 {White took control after the opening.   Weighted Error Value: White=0.45/Black=0.86} 1-0

[Event "2nd Silman TNM: u1600"]
[Site "San Francisco"]
[Date "2025.06.17"]
[Round "7.25"]
[White "Hack, Richard"]
[Black "Wickliffe, Zachary"]
[Result "0-1"]
[Annotator "Hack,Richard"]
[WhiteElo "1500"]
[BlackElo "1347"]
[WhiteFideId "-1"]
[WhiteFideId "-1"]
[PlyCount "120"]
[GameId "2190369999735952"]
[EventDate "2025.??.??"]

1. c4 c5 2. g3 g6 3. Bg2 Bg7 4. Nc3 Nc6 5. Nf3 e6 6. e4 Nge7 7. O-O O-O 8. Re1 Rb8 9. d3 a6 10. Bf4 e5 11. Be3 d6 12. Qd2 b5 13. Rab1 Bd7 14. Bh6 b4 15. Nd5 Nxd5 16. exd5 Ne7 17. Bxg7 Kxg7 18. Re4 h5 19. h3 f6 20. Nh2 g5 21. Qe2 Bf5 22. Re3 Bg6 23. f4 Nf5 24. fxe5 dxe5 25. Nf1 Nxe3 26. Nxe3 Qd7 27. Kh2 Rbe8 28. Bf3 Rh8 29. h4 g4 30. Bg2 e4 31. dxe4 Bxe4 32. Re1 Bg6 33. Qf2 Re5 34. Rf1 Rf8 35. Nd1 Qd6 36. Qf4 Qb6 37. Nf2 Rfe8 38. Rd1 Qb7 39. d6 Qd7 40. Bf1 R8e6 41. Qd2 Re8 42. a3 a5 43. axb4 axb4 44. Ra1 {Of course Black has had a definite advantage for a while. However, we were both getting into some time trouble, where White had 5 mins. and Black 2.5 mins. Good thing we had that 30-second increment.} Rd8 45. Ra6 Re6 46. Qd5 Rxd6 47. Rxd6 Qxd6 48. Qb7+ Rd7 49. Qb5 Re7 50. b3 Be8 51. Qa5 Re3 52. Nh1 Rxb3 53. Qa7+ Bf7 54. Qa4 Rf3 55. Bg2 Rc3 56. Bd5 Bxd5 57. cxd5 Qxd5 58. Nf2 Qe6 59. Qa7+ Kg6 60. Qa2 Qxa2 {Finally a blunder settled it quickly.} 0-1

[Event "2nd Silman TNM: u1600"]
[Site "San Francisco"]
[Date "2025.06.17"]
[Round "7.26"]
[White "Fitzgerald, William"]
[Black "Vazquez, Dominic A"]
[Result "1/2-1/2"]
[WhiteElo "1263"]
[BlackElo "1217"]
[WhiteFideId "-1"]
[WhiteFideId "-1"]
[PlyCount "107"]
[GameId "2190360155058559"]
[EventDate "2025.??.??"]

1. e4 e6 2. d4 d5 3. Nc3 Nf6 4. e5 Nfd7 5. f4 c5 6. Nf3 Nc6 7. Be3 Qb6 8. Na4 Qa5+ 9. c3 cxd4 10. b4 Qc7 11. Nxd4 Nxd4 12. Qxd4 b6 13. Bb5 Be7 14. f5 O-O 15. f6 gxf6 16. Bh6 Qxe5+ 17. Qxe5 Nxe5 18. Bxf8 Bxf8 19. O-O Bg7 20. Nb2 a6 21. Be2 b5 22. a4 Nc4 23. Nxc4 bxc4 24. b5 f5 25. b6 a5 26. Rf3 Rb8 27. Rb1 Bd7 28. Bd1 Rb7 29. Bc2 Kh8 30. h3 Be8 31. g4 fxg4 32. hxg4 Bf8 33. Rh3 Bc5+ 34. Kg2 f6 35. Rxh7+ Rxh7 36. Bxh7 Kxh7 37. b7 Ba7 38. Rb6 Bxa4 39. Rxe6 Kg6 40. Ra6 Bb8 41. Rxa5 Bc6 42. Ra8 d4+ 43. Kf2 Bxb7 44. Rxb8 dxc3 45. Ke3 c2 46. Kd2 Be4 47. Rb5 Bd3 48. Rd5 f5 49. gxf5+ Bxf5 50. Rd6+ Kg5 51. Rd5 Kf6 52. Rc5 Bd3 53. Rxc4 Bxc4 54. Kxc2 1/2-1/2

[Event "2nd Silman TNM: u1600"]
[Site "San Francisco"]
[Date "2025.06.17"]
[Round "7.27"]
[White "Turner, Robert"]
[Black "Kojevnikov, Alexander"]
[Result "1-0"]
[WhiteElo "1230"]
[BlackElo "1044"]
[WhiteFideId "-1"]
[WhiteFideId "-1"]
[PlyCount "82"]
[GameId "2190359860113776"]
[EventDate "2025.??.??"]

1. e4 c5 2. Nf3 e6 3. d4 cxd4 4. Nxd4 Nf6 5. Nc3 Nc6 6. Nxc6 bxc6 7. e5 Nd5 8. Ne4 Ba6 9. Nd6+ Bxd6 10. exd6 Bxf1 11. Kxf1 Qb8 12. c4 Nf6 13. b3 O-O 14. Bb2 Ne4 15. Qg4 f6 16. Qxe4 Qxd6 17. Ke2 Rfe8 18. Rad1 Qc7 19. h4 d5 20. Qg4 Qf7 21. Rhe1 e5 22. Kf1 d4 23. Qe4 Rad8 24. g4 Qd7 25. Rd3 h5 26. gxh5 f5 27. Qg2 c5 28. h6 e4 29. Rg3 Re7 30. Rxg7+ Rxg7 31. Qxg7+ Qxg7 32. hxg7 Kxg7 33. f3 e3 34. Rxe3 Kg6 35. Rd3 Kh5 36. b4 cxb4 37. Rxd4 Rc8 38. Kf2 a5 39. a3 b3 40. a4 Kg6 41. Ke2 Kf6 1-0

[Event "2nd Silman TNM: u1600"]
[Site "San Francisco"]
[Date "2025.06.17"]
[Round "7.29"]
[White "Starr, Albert Martin"]
[Black "Liu, Eric"]
[Result "0-1"]
[WhiteElo "1500"]
[BlackElo "1307"]
[WhiteFideId "-1"]
[WhiteFideId "-1"]
[PlyCount "62"]
[GameId "2190369999735956"]
[EventDate "2025.??.??"]

1. b4 d5 2. Bb2 Bg4 3. g3 e6 4. Bg2 f5 5. Nf3 Nd7 6. O-O Ngf6 7. a3 Bd6 8. Nd4 e5 9. Nb5 Be7 10. c4 c6 11. N5c3 Nb6 12. cxd5 cxd5 13. f3 Bh5 14. d3 O-O 15. Na4 Nbd7 16. Kh1 Rc8 17. Nd2 d4 18. Nb3 b5 19. Nac5 Nxc5 20. bxc5 Bxc5 21. Nxc5 Rxc5 22. Qb3+ Bf7 23. Qb4 Qb6 24. f4 Nd5 25. Bxd5 Rxd5 26. fxe5 a5 27. Qd2 Rxe5 28. Rf4 Rfe8 29. Bxd4 Qb7+ 30. Kg1 Rxe2 31. Ra2 Qg2# 0-1

[Event "2nd Silman TNM: u1600"]
[Site "San Francisco"]
[Date "2025.06.17"]
[Round "7.30"]
[White "Braithwaite, Andrew"]
[Black "Cao, Danny Du Uy"]
[Result "1-0"]
[Annotator "Cao,Danny"]
[WhiteElo "1137"]
[BlackElo "1167"]
[WhiteFideId "-1"]
[WhiteFideId "-1"]
[PlyCount "53"]
[GameId "2190369999735957"]
[EventDate "2025.??.??"]

1. e4 e6 2. d4 d5 3. exd5 exd5 4. c4 Bb4+ (4... Nf6) 5. Nc3 Ne7 6. Bd3 dxc4 (6... Bf5 7. cxd5 (7. Bxf5 Nxf5 8. Qe2+) 7... Bxd3 8. Qxd3) 7. Bxc4 O-O (7... Nd7) 8. Nge2 Re8 (8... Nd7 9. Qb3 Bxc3+) 9. Qb3 Bxc3+ 10. bxc3 (10. Nxc3 Nd5+) 10... Rf8 11. O-O Nbc6 12. Bd3 Qd5 (12... Bf5 13. Bxf5 Nxf5 14. Qxb7 Rb8 (14... Na5)) (12... Be6 13. Qxb7) (12... b6) 13. c4 Qd7 (13... Qa5) 14. Bb2 b6 15. Qc3 Na5 16. Be4 Rb8 (16... Bb7 17. d5 (17. Bxb7 Nxb7) 17... f6) 17. Rad1 Qg4 18. Bf3 Qg6 19. Ng3 Bb7 (19... Bg4 20. Be4) 20. d5 Ba6 21. Rd4 Bxc4 (21... Qf6 22. Ne4) 22. Rg4 (22. Rxc4 Nxc4 23. Qxc4) 22... Nxd5 23. Qd4 (23. Qxg7+ Qxg7 24. Rxg7+ Kh8 25. Rg6+ (25. Rg5+) (25. Rg4+ f6 26. Re1) 25... f6) 23... Qf6 24. Qxf6 Nxf6 25. Bxf6 Bxf1 (25... g6 26. Nf5 Bxf1 27. Nh6#) 26. Rxg7+ Kh8 27. Rg4# 1-0

[Event "2nd Silman TNM: u1600"]
[Site "San Francisco"]
[Date "2025.06.17"]
[Round "7.31"]
[White "Brickhouse, Christian"]
[Black "Olson, David R"]
[Result "1-0"]
[WhiteElo "1267"]
[BlackElo "1400"]
[WhiteFideId "-1"]
[WhiteFideId "-1"]
[PlyCount "109"]
[GameId "2190369999735958"]
[EventDate "2025.??.??"]

1. d4 Nf6 2. Nf3 e6 3. c4 Bb4+ 4. Nbd2 b6 5. a3 Bxd2+ 6. Bxd2 Ba6 7. e3 d5 8. b3 Nbd7 9. Bd3 c5 10. O-O O-O 11. Qc2 g6 12. b4 Rc8 13. b5 Bb7 14. a4 Re8 15. a5 bxa5 16. Rxa5 Ra8 17. Rfa1 dxc4 18. Qxc4 Bd5 19. Qc2 cxd4 20. e4 Rc8 21. Qb1 Bc4 22. Nxd4 Bxd3 23. Qxd3 Nc5 24. Qe3 Ng4 25. Qf3 Qxd4 26. Bc3 Qxe4 27. Rxa7 Ne5 28. Qxe4 Nxe4 29. Bxe5 f6 30. Bg3 e5 31. f3 Nc3 32. b6 Rb8 33. b7 Re7 34. Ra8 Rexb7 35. Rxb8+ Rxb8 36. Ra7 Nd5 37. Be1 Re8 38. Rd7 Ne7 39. Bb4 Kf7 40. Kf2 Ke6 41. Rd6+ Kf7 42. Rd7 h5 43. h4 g5 44. hxg5 fxg5 45. Bd2 Kg6 46. Rd6+ Kf5 47. Rh6 h4 48. Rh5 Rg8 49. Rh7 Ng6 50. Rf7+ Ke6 51. Ra7 Rf8 52. Bxg5 Kf5 53. Be3 Rc8 54. Kg1 Rc1+ 55. Bxc1 1-0

[Event "2nd Silman TNM: u1600"]
[Site "San Francisco"]
[Date "2025.06.17"]
[Round "7.32"]
[White "Lee, Yinpok R"]
[Black "Myers, Steven Lee"]
[Result "0-1"]
[WhiteElo "1104"]
[BlackElo "1171"]
[WhiteFideId "-1"]
[WhiteFideId "-1"]
[PlyCount "48"]
[GameId "2190369999735959"]
[EventDate "2025.??.??"]

1. e4 c5 2. Nf3 Nc6 3. Bc4 e6 4. Nc3 Nf6 5. d3 d6 6. Be3 h6 7. a3 e5 8. O-O Ng4 9. Bc1 Be7 10. h3 Nf6 11. Nd5 a6 12. Nh4 Nxe4 13. Nxe7 Qxe7 14. Qf3 Nf6 15. Nf5 Bxf5 16. Qxf5 Nd4 17. Qxf6 Qxf6 18. f4 Ne2+ 19. Kh1 Nxc1 20. Raxc1 exf4 21. Rce1+ Kd7 22. Re4 g5 23. c3 Rae8 24. Rxe8 Rxe8 0-1

[Event "2nd Silman TNM: u1600"]
[Site "San Francisco"]
[Date "2025.06.17"]
[Round "7.33"]
[White "Chen, Bowie"]
[Black "Otterbach, Renate"]
[Result "1-0"]
[Annotator "Winslow,Elliott"]
[WhiteElo "1279"]
[BlackElo "1113"]
[WhiteFideId "-1"]
[WhiteFideId "-1"]
[PlyCount "67"]
[GameId "2190369999735960"]
[EventDate "2025.??.??"]

1. f4 e6 2. Nf3 d5 3. d3 Bc5 4. e3 a6 5. Nc3 b5 6. Be2 Bb7 7. d4 Ba7 8. O-O Nd7 9. b4 Ne7 10. Bd3 Nf6 11. Ne5 O-O 12. Qf3 Nf5 13. g4 {[#]} Nxd4 14. Qh3 Ne4 15. Bxe4 dxe4 16. exd4 Bxd4+ 17. Be3 Bxc3 18. Rad1 Qe7 19. Bc5 Qe8 20. Qxc3 f6 21. Bxf8 fxe5 22. fxe5 Qg6 23. Be7 Qxg4+ 24. Qg3 h5 25. Qxg4 hxg4 26. Rf4 Bd5 27. a3 a5 28. Rdf1 axb4 29. Bxb4 e3 30. Re1 Rd8 31. Rxe3 Bf3 32. h3 Rd1+ 33. Kf2 Rd2+ 34. Bxd2 1-0

[Event "2nd Silman TNM: u1600"]
[Site "San Francisco"]
[Date "2025.06.17"]
[Round "7.34"]
[White "Burkhardt, Douglas Alan"]
[Black "Blum, Paul"]
[Result "1-0"]
[WhiteElo "863"]
[BlackElo "1009"]
[WhiteFideId "-1"]
[WhiteFideId "-1"]
[PlyCount "126"]
[GameId "2190369999735961"]
[EventDate "2025.??.??"]

1. d4 d6 2. Nf3 Nf6 3. g3 g6 4. Bg2 Bg7 5. O-O O-O 6. b3 Nbd7 7. Bb2 c6 8. c4 Qb6 9. Nc3 e6 10. Qd2 d5 11. Rab1 Qa5 12. Rfe1 Qb6 13. Na4 Qc7 14. Ba3 Rd8 15. c5 b5 16. cxb6 axb6 17. Bc1 Ne4 18. Qf4 Qxf4 19. Bxf4 b5 20. Nb6 Nxb6 21. Bc7 Rd7 22. Bxb6 Rxa2 23. Rec1 Bb7 24. Bf1 f5 25. Ra1 Nc3 26. Rxa2 Nxa2 27. Ra1 Nb4 28. Ng5 Nc2 29. Ra7 Bxd4 30. Bxd4 Nxd4 31. b4 Bc8 32. Ra8 Rc7 33. e3 h6 34. exd4 hxg5 35. Kg2 Kf7 36. f3 Bb7 37. Rb8 Ke7 38. Rg8 Kf6 39. Rf8+ Rf7 40. Rb8 Rg7 41. Rf8+ Ke7 42. Rb8 Kd6 43. Rd8+ Kc7 44. Re8 Bc8 45. Rh8 Kd6 46. Rxc8 e5 47. dxe5+ Kxe5 48. Rxc6 Kd4 49. Bxb5 Re7 50. Rxg6 Re3 51. Rxg5 Rb3 52. Rxf5 Rxb4 53. Rf4+ Kc5 54. Rxb4 Kxb4 55. Be2 Kc5 56. Kf2 Kd6 57. Ke3 Ke5 58. h4 Kf5 59. h5 Kg5 60. h6 Kxh6 61. Kd4 Kg5 62. Kxd5 Kf5 63. Bd3+ Kf6 1-0